000 00381nam a22001337a 4500
005 20250628155911.0
008 250628b |||||||| |||| 00| 0 eng d
050 _aBS1225
_b.2 BLE
100 _aBLENKINSOPP JOSEPH
245 _aTHE PENTATEUCH;
_bAN INTRODUCTION TO THE FIRST FIVE BOOKS OF THE BIBLE
260 _aNEW YORK
_bDOUBLEDAY
_cc1992
300 _ax, 273p
942 _2lcc
_cBK
_n0
999 _c6773
_d6773